Central Library OPAC University of Rajshahi

A concise text-book of organic chemistry / (Record no. 10497)

MARC details
000 -LEADER
fixed length control field 00795cam a22002652 4500
001 - CONTROL NUMBER
control field 10497
003 - CONTROL NUMBER IDENTIFIER
rucl marc code BD-RjUL
005 - DATE AND TIME OF LATEST TRANSACTION
control field 20211208234951.0
008 - FIXED-LENGTH DATA ELEMENTS--GENERAL INFORMATION
fixed length control field 140123s1965 enk 001 0 eng
035 ## - SYSTEM CONTROL NUMBER
System control number (BD-RjUL)10545
040 ## - CATALOGING SOURCE
Original cataloging agency DLC
Transcribing agency CSU
Modifying agency BD-RjUL
Language of cataloging eng
041 ## - LANGUAGE CODE
Language code of text/sound track or separate title eng
082 04 - DEWEY DECIMAL CLASSIFICATION NUMBER
Classification number 547
Edition number 18
Author mark and year LYC 1965
100 1# - MAIN ENTRY--PERSONAL NAME
Personal name Lyons, C. G.
Fuller form of name (Charles George)
9 (RLIN) 32418
245 12 - TITLE STATEMENT
Title A concise text-book of organic chemistry /
Statement of responsibility, etc. C. G. Lyons, S. McLintock [and] Nora H. Lumb.
260 ## - PUBLICATION, DISTRIBUTION, ETC. (IMPRINT)
Place of publication, distribution, etc. Oxford ;
-- New York :
Name of publisher, distributor, etc. Pergamon Press,
Date of publication, distribution, etc. c1965.
300 ## - PHYSICAL DESCRIPTION
Pagination x, 253 p. :
Size 20 cm.
Illustrations ills. ;
504 ## - BIBLIOGRAPHY, ETC. NOTE
Bibliography, etc Includes index.
650 #0 - SUBJECT ADDED ENTRY--TOPICAL TERM
Topical term or geographic name as entry element Chemistry, Organic.
9 (RLIN) 32419
700 1# - ADDED ENTRY--PERSONAL NAME
Personal name McLintock, S.
Personal name Lumb, Nora H.
942 ## - ADDED ENTRY ELEMENTS (KOHA)
Source of classification or shelving scheme Dewey Decimal Classification
Koha item type Books
Holdings
Lost status Source of classification or shelving scheme Damaged status Not for loan Collection code Permanent Location Current Location Shelving location Date acquired Source of acquisition Cost, normal purchase price Total Checkouts Full call number Date last seen Copy number Koha item type
  Dewey Decimal Classification     Non-fiction Central Library, University of Rajshahi Central Library, University of Rajshahi   21/11/1968 Zeitlinger 30.00   547 LYC 1965 23/01/2014 C-2 Books
  Dewey Decimal Classification   Not For Loan Non-fiction Central Library, University of Rajshahi Central Library, University of Rajshahi Reading Room 21/11/1968 Zeitlinger 35.00   547 LYC 1965 16/05/2017 C-1 Books